01526 2200481 4500001002100000005001500021035002000036007000300056008004100059020002200100040002200122082001600144084001800160090002200178090002100200090002200221100004700243245009100290250003400381250003200415300004400447440002300491650002500514700004200539850001200581504003300593264005400626264005400680336002100734337003000755338002300785999002100808999002200829990002200851990002100873990002200894990002100916990002200937990002100959990002100980990002201001990002101023INLIS00000000085277620191107082911 a0010-1119000184ta191107s20062018yoia g ind d a978-979-420-607-2 aYOPDYOGbinderda04223a631.430 a631.430 BAM k aDEP 631.430 BAM k aCB-D.11 2006-312 aCB-D.11 2018-34230 aBambang Djadmo Kertonegorod1945-epenulis10aKamus istilah ilmu tanah /cpenulis, Bambang Djadmo Kertonegoro, Syamsul Arifin Siradz aCetakan pertama: Januari 2006 aCetakan kedua: Januari 2018 aviii, 202 halaman :bilustrasi ;c21 cm aSeri kamus istilah 4aTanah, ilmu--vKamus0 aSyamsul Arifin Siradzd1946-epenulis aYOPDYOG aBibliografi: halaman 187-188 1aYogyakarta :bGadjah Mada University Press,c2006 1aYogyakarta :bGadjah Mada University Press,c2018 2rdacontentateks 2rdamediaatanpa perantara 2rdacarrieravolume aCB-D.11/2006-312 aCB-D.11/2018-3423 aCB-D.11/2017-3279 aCB-D.11/2006-312 aCB-D.11/2017-3279 aCB-D.11/2006-312 aCB-D.11/2017-3279 aCB-D.112018-3423 aCB-D.11/2006-312 aCB-D.11/2018-3423 aCB-D.11/2006-312